000 00596nam a2200217 a 4500
005 20140310183448.0
008 090116s19uu xx 00 eng d
020 _a9780324542967
050 _aHB 171.5
_b.B839 2008
100 _aBrux, Jacqueline Murray
245 _aEconomic issues and policy /
_cJacqueline Murray Brux
250 _a4th ed.
260 _aAustralia :
_bThomson South-Western,
_c2008.
300 _a448 p. :
_bcol. ill. ;
_c26 cm.
521 _aBSBA
650 _aBSBA.
650 _aEconomics.
650 _aEconomic policy.
942 _cBK
_2lcc
_kFOR
999 _c23312
_d23312